[Event "Montcada"]
[Site "Montcada"]
[Date "2018.06.30"]
[Round "6.1"]
[White "Himanshu, Sharma"]
[Black "Akash Pc, Iyer"]
[Result "0-1"]
[BlackElo "2435"]
[WhiteElo "2420"]
[LiveChessVersion "1.4.8"]

1. e4 {[%clk 1:30:45]} d6 {[%clk 1:30:52]} 2. Nc3 {[%clk 1:29:49]} g6
{[%clk 1:30:55]} 3. g3 {[%clk 1:28:28]} Bg7 {[%clk 1:31:15]} 4. Bg2
{[%clk 1:28:38]} e5 {[%clk 1:29:52]} 5. Nge2 {[%clk 1:27:13]} Nc6
{[%clk 1:29:24]} 6. O-O {[%clk 1:27:17]} Nge7 {[%clk 1:29:38]} 7. d3
{[%clk 1:25:37]} O-O {[%clk 1:18:21]} 8. Nd5 {[%clk 1:24:07]} f5 {[%clk 1:13:06]}
9. c4 {[%clk 1:19:51]} Kh8 {[%clk 1:02:03]} 10. Rb1 {[%clk 1:16:17]} Nxd5
{[%clk 1:01:25]} 11. cxd5 {[%clk 1:14:54]} Ne7 {[%clk 1:01:46]} 12. b4
{[%clk 1:09:29]} h6 {[%clk 0:58:55]} 13. Be3 {[%clk 1:02:19]} g5 {[%clk 0:58:08]}
14. exf5 {[%clk 1:01:12]} Bxf5 {[%clk 0:56:28]} 15. b5 {[%clk 0:57:36]} Qd7
{[%clk 0:56:12]} 16. Nc3 {[%clk 0:50:51]} Bg4 {[%clk 0:44:59]} 17. f3
{[%clk 0:47:01]} Bh5 {[%clk 0:43:41]} 18. Qd2 {[%clk 0:46:37]} Bf7
{[%clk 0:41:45]} 19. f4 {[%clk 0:46:09]} exf4 {[%clk 0:39:59]} 20. gxf4
{[%clk 0:46:28]} g4 {[%clk 0:38:22]} 21. Be4 {[%clk 0:43:31]} Nf5
{[%clk 0:38:09]} 22. Ne2 {[%clk 0:40:38]} Rae8 {[%clk 0:31:04]} 23. Bf2
{[%clk 0:40:49]} Bg6 {[%clk 0:30:04]} 24. Rb4 {[%clk 0:40:28]} h5
{[%clk 0:27:53]} 25. Nd4 {[%clk 0:34:01]} Bxd4 {[%clk 0:26:42]} 26. Bxd4+
{[%clk 0:32:31]} Kh7 {[%clk 0:27:10]} 27. Qf2 {[%clk 0:30:02]} Qd8
{[%clk 0:25:41]} 28. Bc3 {[%clk 0:26:24]} Nh4 {[%clk 0:22:03]} 29. Kh1
{[%clk 0:21:47]} Rf7 {[%clk 0:20:36]} 30. Be1 {[%clk 0:20:59]} Bxe4+
{[%clk 0:19:51]} 31. dxe4 {[%clk 0:20:15]} Nf3 {[%clk 0:20:20]} 32. Bd2
{[%clk 0:15:21]} Qf6 {[%clk 0:18:14]} 33. Qe3 {[%clk 0:13:18]} Qh4
{[%clk 0:16:15]} 34. Qe2 {[%clk 0:09:31]} Nxd2 {[%clk 0:07:48]} 35. Qxd2
{[%clk 0:09:53]} g3 {[%clk 0:07:55]} 36. Rf3 {[%clk 0:06:52]} Rg7
{[%clk 0:06:58]} 37. Rb1 {[%clk 0:03:43]} Kh8 {[%clk 0:04:48]} 38. e5
{[%clk 0:02:54]} dxe5 {[%clk 0:04:35]} 39. fxe5 {[%clk 0:02:51]} Qe4
{[%clk 0:04:55]} 40. Rbb3 {[%clk 0:02:41]} Rf8 {[%clk 0:03:58]} 41. Rbe3
{[%clk 0:01:50]} g2+ {[%clk 0:04:11]} 42. Kg1 {[%clk 0:02:14]} Rxf3
{[%clk 0:04:37]} 0-1

[Event "Montcada"]
[Site "Montcada"]
[Date "2018.06.30"]
[Round "6.2"]
[White "Iniyan, P"]
[Black "Peralta, Fernando"]
[Result "1/2-1/2"]
[BlackElo "2567"]
[WhiteElo "2460"]
[LiveChessVersion "1.4.8"]

1. d4 {[%clk 1:30:41]} Nf6 {[%clk 1:21:51]} 2. c4 {[%clk 1:31:29]} e6
{[%clk 1:22:18]} 3. Nc3 {[%clk 1:31:51]} Bb4 {[%clk 1:22:44]} 4. Nf3
{[%clk 1:31:35]} c5 {[%clk 1:22:59]} 5. g3 {[%clk 1:31:57]} Nc6 {[%clk 1:22:58]}
6. Bg2 {[%clk 1:31:05]} Ne4 {[%clk 1:23:19]} 7. Bd2 {[%clk 1:11:50]} Nxd2
{[%clk 1:23:12]} 8. Qxd2 {[%clk 1:12:15]} cxd4 {[%clk 1:23:33]} 9. Nxd4
{[%clk 1:12:41]} O-O {[%clk 1:23:55]} 10. O-O {[%clk 1:12:35]} Ne5
{[%clk 1:20:20]} 11. b3 {[%clk 1:12:19]} a6 {[%clk 1:20:44]} 12. Nc2
{[%clk 1:08:26]} Be7 {[%clk 1:21:04]} 13. Rad1 {[%clk 1:04:37]} Qc7
{[%clk 1:18:00]} 14. Ne4 {[%clk 0:47:51]} Rb8 {[%clk 1:14:40]} 15. Nd6
{[%clk 0:47:00]} b5 {[%clk 1:14:53]} 16. cxb5 {[%clk 0:47:07]} axb5
{[%clk 1:15:14]} 17. Nb4 {[%clk 0:29:38]} Rb6 {[%clk 1:14:20]} 18. Nxc8
{[%clk 0:29:56]} Rxc8 {[%clk 1:04:33]} 19. Rc1 {[%clk 0:30:08]} Nc6
{[%clk 1:03:50]} 20. Nxc6 {[%clk 0:24:45]} 1/2-1/2

[Event "Montcada"]
[Site "Montcada"]
[Date "2018.06.30"]
[Round "6.3"]
[White "Oliva Castaneda, Kevel"]
[Black "Perez Mitjans, Orelvis"]
[Result "0-1"]
[BlackElo "2399"]
[WhiteElo "2516"]
[LiveChessVersion "1.4.8"]

1. d4 {[%clk 1:30:55]} d5 {[%clk 1:30:55]} 2. c4 {[%clk 1:31:09]} Nc6
{[%clk 1:31:21]} 3. Nc3 {[%clk 1:31:28]} Nf6 {[%clk 1:31:42]} 4. Nf3
{[%clk 1:29:22]} e6 {[%clk 1:24:26]} 5. e3 {[%clk 1:28:17]} Bb4 {[%clk 1:21:26]}
6. Qc2 {[%clk 1:27:54]} O-O {[%clk 1:21:02]} 7. a3 {[%clk 1:28:05]} Bxc3+
{[%clk 1:14:11]} 8. Qxc3 {[%clk 1:28:27]} a5 {[%clk 1:14:28]} 9. b3
{[%clk 1:28:31]} Ne7 {[%clk 1:06:21]} 10. Bb2 {[%clk 1:28:19]} b6
{[%clk 1:05:16]} 11. Be2 {[%clk 1:28:32]} Ba6 {[%clk 1:01:40]} 12. O-O
{[%clk 1:28:40]} Nf5 {[%clk 0:58:43]} 13. a4 {[%clk 1:28:14]} dxc4
{[%clk 0:48:49]} 14. bxc4 {[%clk 1:28:14]} c5 {[%clk 0:48:51]} 15. Rfd1
{[%clk 1:19:34]} Qc7 {[%clk 0:34:03]} 16. Bd3 {[%clk 1:11:23]} cxd4
{[%clk 0:13:46]} 17. exd4 {[%clk 1:11:29]} Qf4 {[%clk 0:11:58]} 18. Bc1
{[%clk 1:02:18]} Qg4 {[%clk 0:11:53]} 19. h3 {[%clk 1:02:17]} Qh5
{[%clk 0:12:18]} 20. Re1 {[%clk 0:54:08]} Rfc8 {[%clk 0:09:43]} 21. Bd2
{[%clk 0:49:37]} Nh4 {[%clk 0:05:49]} 22. Nh2 {[%clk 0:43:04]} Bb7
{[%clk 0:05:36]} 23. Re5 {[%clk 0:36:33]} Nf5 {[%clk 0:06:04]} 24. f3
{[%clk 0:32:19]} Qh4 {[%clk 0:04:28]} 25. Ng4 {[%clk 0:28:30]} Nxg4
{[%clk 0:03:46]} 26. hxg4 {[%clk 0:27:37]} Ng3 {[%clk 0:01:45]} 27. Bg5
{[%clk 0:27:06]} Qh1+ {[%clk 0:02:14]} 28. Kf2 {[%clk 0:27:30]} Qh2
{[%clk 0:02:42]} 29. Bf4 {[%clk 0:24:30]} Ne2 {[%clk 0:02:10]} 30. Bxh2
{[%clk 0:21:52]} Nxc3 {[%clk 0:02:38]} 31. Ke3 {[%clk 0:21:50]} f6
{[%clk 0:01:10]} 32. Rxe6 {[%clk 0:20:49]} Ba6 {[%clk 0:01:29]} 33. Rxb6
{[%clk 0:14:14]} Bxc4 {[%clk 0:01:56]} 34. Bxc4+ {[%clk 0:14:16]} Rxc4
{[%clk 0:02:24]} 35. Kd3 {[%clk 0:14:39]} Rcc8 {[%clk 0:01:36]} 36. Rb3
{[%clk 0:11:17]} Nd5 {[%clk 0:02:02]} 37. Bd6 {[%clk 0:11:36]} Rd8
{[%clk 0:02:14]} 38. Bc5 {[%clk 0:11:31]} Nf4+ {[%clk 0:02:02]} 39. Kc4
{[%clk 0:11:53]} Nxg2 {[%clk 0:01:57]} 40. Rab1 {[%clk 0:08:59]} h6
{[%clk 0:01:31]} 41. R1b2 {[%clk 0:07:55]} Nf4 {[%clk 0:01:49]} 42. Rb7
{[%clk 0:08:15]} Rac8 {[%clk 0:01:15]} 43. Ra7 {[%clk 0:08:31]} Ne6
{[%clk 0:01:32]} 44. Kb3 {[%clk 0:03:28]} Nxc5+ {[%clk 0:01:30]} 45. dxc5
{[%clk 0:03:56]} Rxc5 {[%clk 0:01:58]} 46. Ka2 {[%clk 0:04:00]} Rd4
{[%clk 0:01:40]} 47. Rbb7 {[%clk 0:03:13]} Rxa4+ {[%clk 0:01:00]} 48. Kb3
{[%clk 0:03:38]} Rb4+ {[%clk 0:01:23]} 49. Rxb4 {[%clk 0:04:04]} axb4
{[%clk 0:01:50]} 50. Kxb4 {[%clk 0:04:27]} Rc1 {[%clk 0:01:51]} 51. Ra5
{[%clk 0:01:26]} Kf7 {[%clk 0:01:59]} 52. Kb3 {[%clk 0:00:47]} Ke6
{[%clk 0:01:12]} 53. Kb2 {[%clk 0:01:05]} Rc4 {[%clk 0:01:22]} 54. Ra7
{[%clk 0:01:15]} g5 {[%clk 0:01:42]} 55. Ra6+ {[%clk 0:00:56]} Ke5
{[%clk 0:01:13]} 56. Ra5+ {[%clk 0:01:16]} Ke6 {[%clk 0:00:57]} 57. Ra6+
{[%clk 0:01:37]} Kf7 {[%clk 0:01:20]} 58. Ra7+ {[%clk 0:01:25]} Kg6
{[%clk 0:01:48]} 59. Ra6 {[%clk 0:01:15]} Rf4 {[%clk 0:01:36]} 60. Ra3
{[%clk 0:01:41]} h5 {[%clk 0:02:01]} 61. gxh5+ {[%clk 0:02:00]} Kxh5
{[%clk 0:02:30]} 62. Kc2 {[%clk 0:02:23]} Kh4 {[%clk 0:02:38]} 63. Kd2
{[%clk 0:02:45]} Kg3 {[%clk 0:03:05]} 64. Ke2 {[%clk 0:03:02]} f5
{[%clk 0:02:52]} 65. Rc3 {[%clk 0:02:54]} Kg2 {[%clk 0:03:02]} 66. Ra3
{[%clk 0:02:45]} g4 {[%clk 0:03:26]} 67. fxg4 {[%clk 0:02:57]} fxg4
{[%clk 0:03:55]} 68. Re3 {[%clk 0:02:07]} g3 {[%clk 0:04:05]} 69. Re8
{[%clk 0:02:21]} Rf7 {[%clk 0:04:12]} 70. Re6 {[%clk 0:02:32]} Kg1
{[%clk 0:04:32]} 71. Re8 {[%clk 0:02:28]} g2 {[%clk 0:04:24]} 72. Ra8
{[%clk 0:01:58]} Rh7 {[%clk 0:04:43]} 73. Kf3 {[%clk 0:01:58]} Kh1 0-1

[Event "Montcada"]
[Site "Montcada"]
[Date "2018.06.30"]
[Round "6.4"]
[White "Martinez Alcantara, Jose Eduardo"]
[Black "Arjun, Kalyan"]
[Result "1-0"]
[BlackElo "2370"]
[WhiteElo "2539"]
[LiveChessVersion "1.4.8"]

1. e4 {[%clk 1:26:52]} e5 {[%clk 1:30:46]} 2. Nf3 {[%clk 1:27:09]} Nc6
{[%clk 1:31:09]} 3. Bb5 {[%clk 1:27:34]} a6 {[%clk 1:31:34]} 4. Ba4
{[%clk 1:28:00]} Nf6 {[%clk 1:31:59]} 5. O-O {[%clk 1:28:24]} Be7
{[%clk 1:32:23]} 6. Re1 {[%clk 1:28:50]} b5 {[%clk 1:32:49]} 7. Bb3
{[%clk 1:29:16]} d6 {[%clk 1:33:11]} 8. c3 {[%clk 1:29:41]} O-O {[%clk 1:33:37]}
9. h3 {[%clk 1:30:08]} Nb8 {[%clk 1:33:53]} 10. d4 {[%clk 1:30:30]} Nbd7
{[%clk 1:34:17]} 11. Nbd2 {[%clk 1:30:56]} Bb7 {[%clk 1:34:42]} 12. Bc2
{[%clk 1:31:20]} Re8 {[%clk 1:35:01]} 13. Nf1 {[%clk 1:31:45]} Bf8
{[%clk 1:35:26]} 14. Ng3 {[%clk 1:32:12]} g6 {[%clk 1:35:51]} 15. a4
{[%clk 1:32:38]} c5 {[%clk 1:35:57]} 16. d5 {[%clk 1:33:01]} c4 {[%clk 1:36:22]}
17. Bg5 {[%clk 1:33:25]} Be7 {[%clk 1:36:47]} 18. Qd2 {[%clk 1:29:29]} Nc5
{[%clk 1:37:09]} 19. Bh6 {[%clk 1:24:41]} Nfd7 {[%clk 1:37:17]} 20. Nh2
{[%clk 0:59:23]} bxa4 {[%clk 1:29:22]} 21. Qe2 a5 22. Nf3 {[%clk 0:55:48]} Ba6
{[%clk 1:26:30]} 23. Reb1 {[%clk 0:54:02]} Bb5 {[%clk 1:22:01]} 24. Ra3
{[%clk 0:45:26]} Rb8 {[%clk 1:15:03]} 25. Nf1 {[%clk 0:37:48]} Nb6
{[%clk 1:09:05]} 26. Be3 {[%clk 0:36:13]} Qc7 {[%clk 1:08:34]} 27. N3d2
{[%clk 0:33:05]} Rec8 {[%clk 1:03:17]} 28. g3 {[%clk 0:32:09]} Bf6
{[%clk 0:57:49]} 29. h4 {[%clk 0:30:28]} Qe7 {[%clk 0:55:59]} 30. Nh2
{[%clk 0:29:36]} Bg7 {[%clk 0:55:25]} 31. h5 {[%clk 0:27:56]} Bd7
{[%clk 0:45:48]} 32. Qf3 {[%clk 0:22:17]} f5 {[%clk 0:31:56]} 33. h6
{[%clk 0:16:27]} fxe4 {[%clk 0:30:02]} 34. Nxe4 {[%clk 0:16:55]} Nxe4
{[%clk 0:29:50]} 35. Bxe4 {[%clk 0:17:21]} Bh8 {[%clk 0:28:58]} 36. Qe2
{[%clk 0:17:03]} Be8 {[%clk 0:26:10]} 37. Ng4 {[%clk 0:12:08]} Nd7
{[%clk 0:24:36]} 38. Bc2 {[%clk 0:11:47]} Bf7 {[%clk 0:21:25]} 39. Rxa4
{[%clk 0:10:36]} Bxd5 {[%clk 0:21:41]} 40. Rxa5 {[%clk 0:10:54]} Be6
{[%clk 0:19:03]} 41. Be4 {[%clk 0:10:18]} Qd8 {[%clk 0:05:51]} 42. Bd5
{[%clk 0:08:08]} Nf8 {[%clk 0:06:09]} 43. Rba1 {[%clk 0:08:25]} Bxd5
{[%clk 0:03:12]} 44. Rxd5 {[%clk 0:08:54]} Rc6 {[%clk 0:03:32]} 45. Ra7
{[%clk 0:08:19]} Ra8 {[%clk 0:02:50]} 46. Rb7 {[%clk 0:05:45]} Rb8
{[%clk 0:02:06]} 47. Rxb8 {[%clk 0:05:02]} Qxb8 {[%clk 0:02:35]} 48. Qf3
{[%clk 0:05:09]} Ra6 {[%clk 0:02:11]} 49. Rd1 {[%clk 0:03:58]} Qe8
{[%clk 0:00:46]} 50. Qe4 {[%clk 0:02:26]} Qe6 {[%clk 0:01:02]} 51. Bg5
{[%clk 0:02:37]} Rb6 {[%clk 0:00:33]} 52. Ne3 {[%clk 0:03:00]} Rxb2
{[%clk 0:00:40]} 53. Nd5 {[%clk 0:03:19]} Rb7 {[%clk 0:00:37]} 54. Nf6+
{[%clk 0:03:04]} Bxf6 {[%clk 0:00:49]} 55. Qxb7 {[%clk 0:03:27]} Qg4
{[%clk 0:00:41]} 56. Qd5+ {[%clk 0:03:50]} 1-0

[Event "Montcada"]
[Site "Montcada"]
[Date "2018.06.30"]
[Round "6.5"]
[White "Asis Gargatagli, Hipolito"]
[Black "Valenzuela Gomez, Fernando"]
[Result "1/2-1/2"]
[BlackElo "2392"]
[WhiteElo "2537"]
[LiveChessVersion "1.4.8"]

1. e4 {[%clk 1:15:36]} c5 {[%clk 1:30:59]} 2. Nf3 {[%clk 1:15:36]} d6
{[%clk 1:31:27]} 3. d4 {[%clk 1:15:40]} cxd4 {[%clk 1:31:55]} 4. Nxd4
{[%clk 1:16:02]} Nf6 {[%clk 1:32:18]} 5. Nc3 {[%clk 1:16:28]} a6 {[%clk 1:32:44]}
6. h3 {[%clk 1:15:24]} g6 {[%clk 1:32:51]} 7. Be3 {[%clk 1:15:43]} Bg7
{[%clk 1:32:01]} 8. Qd2 {[%clk 1:15:56]} b5 {[%clk 1:27:50]} 9. O-O-O
{[%clk 1:14:57]} Bb7 {[%clk 1:27:11]} 10. f3 {[%clk 1:02:16]} h5 {[%clk 1:17:20]}
11. Bd3 {[%clk 0:58:32]} Nbd7 {[%clk 1:17:22]} 12. g4 {[%clk 0:58:29]} Ne5
{[%clk 1:14:53]} 13. Kb1 {[%clk 0:50:19]} Rc8 {[%clk 1:11:41]} 14. a3
{[%clk 0:40:04]} Nfd7 {[%clk 1:04:06]} 15. f4 {[%clk 0:33:45]} Nc4
{[%clk 0:59:48]} 16. Bxc4 {[%clk 0:32:42]} Rxc4 {[%clk 1:00:08]} 17. Rhe1
{[%clk 0:23:56]} hxg4 {[%clk 0:45:21]} 18. f5 {[%clk 0:21:22]} Rxh3
{[%clk 0:36:56]} 19. fxg6 {[%clk 0:21:20]} Bf6 1/2-1/2

[Event "Montcada"]
[Site "Montcada"]
[Date "2018.06.30"]
[Round "6.6"]
[White "Garcia Ramos, Daniel"]
[Black "Shyam, Sundar M."]
[Result "1/2-1/2"]
[BlackElo "2527"]
[WhiteElo "2354"]
[LiveChessVersion "1.4.8"]

1. e4 e5 {[%clk 1:19:10]} 2. Nf3 {[%clk 1:30:59]} Nc6 {[%clk 1:19:36]} 3. Bb5
{[%clk 1:31:12]} a6 {[%clk 1:20:00]} 4. Ba4 {[%clk 1:31:37]} Nf6 {[%clk 1:20:26]}
5. d3 {[%clk 1:32:02]} d6 {[%clk 1:20:23]} 6. c3 {[%clk 1:32:19]} g6
{[%clk 1:20:50]} 7. O-O {[%clk 1:30:53]} Bg7 {[%clk 1:21:17]} 8. Re1
{[%clk 1:29:46]} O-O {[%clk 1:21:43]} 9. Nbd2 {[%clk 1:19:15]} b5
{[%clk 1:21:35]} 10. Bb3 {[%clk 1:19:32]} Na5 {[%clk 1:21:58]} 11. Bc2
{[%clk 1:19:46]} c5 {[%clk 1:22:24]} 12. d4 {[%clk 1:18:05]} cxd4
{[%clk 1:14:51]} 13. cxd4 {[%clk 1:18:28]} exd4 {[%clk 1:15:19]} 14. Nxd4
{[%clk 1:17:56]} Bb7 {[%clk 1:15:24]} 15. a4 {[%clk 1:10:29]} Qb6
{[%clk 1:00:49]} 16. N4b3 {[%clk 0:54:58]} Nc4 17. Nxc4 {[%clk 0:32:53]} bxc4
{[%clk 0:47:07]} 18. Nd2 {[%clk 0:30:48]} Rac8 {[%clk 0:45:35]} 19. a5
{[%clk 0:27:14]} Qc7 {[%clk 0:41:17]} 20. Ra4 {[%clk 0:16:25]} d5
{[%clk 0:36:51]} 21. exd5 {[%clk 0:16:23]} Bxd5 {[%clk 0:37:17]} 22. Ne4
{[%clk 0:15:56]} Bxe4 {[%clk 0:15:33]} 23. Bxe4 {[%clk 0:16:20]} Rfd8
{[%clk 0:15:54]} 24. Qc2 {[%clk 0:12:33]} Re8 {[%clk 0:16:20]} 25. g3
{[%clk 0:10:11]} h5 {[%clk 0:12:03]} 26. Bf4 {[%clk 0:07:24]} Qe7
{[%clk 0:10:25]} 27. Bg5 {[%clk 0:04:56]} Qc5 {[%clk 0:03:10]} 28. Bxf6
{[%clk 0:04:41]} Bxf6 {[%clk 0:03:39]} 29. Rc1 {[%clk 0:04:25]} Qd4
{[%clk 0:02:09]} 30. Bb7 {[%clk 0:02:02]} Qxb2 {[%clk 0:00:41]} 31. Qxb2
{[%clk 0:01:13]} Bxb2 {[%clk 0:01:10]} 32. Bxc8 {[%clk 0:01:00]} Bxc1
{[%clk 0:01:33]} 33. Rxc4 {[%clk 0:01:26]} Bd2 {[%clk 0:01:51]} 34. Bxa6
{[%clk 0:01:39]} Bxa5 {[%clk 0:02:14]} 35. Rc8 {[%clk 0:02:04]} 1/2-1/2

[Event "Montcada"]
[Site "Montcada"]
[Date "2018.06.30"]
[Round "6.7"]
[White "Neelash, Saha"]
[Black "Cuartas, Jaime Alexander"]
[Result "0-1"]
[BlackElo "2508"]
[WhiteElo "2333"]
[LiveChessVersion "1.4.8"]

1. d4 {[%clk 1:24:30]} d5 {[%clk 1:30:45]} 2. c4 {[%clk 1:24:53]} c6
{[%clk 1:31:12]} 3. Nf3 {[%clk 1:25:17]} Nf6 {[%clk 1:31:33]} 4. e3
{[%clk 1:25:41]} Bg4 {[%clk 1:31:58]} 5. Nc3 {[%clk 1:25:28]} e6 {[%clk 1:32:09]}
6. h3 {[%clk 1:25:25]} Bxf3 {[%clk 1:32:29]} 7. Qxf3 {[%clk 1:25:35]} Nbd7
{[%clk 1:32:52]} 8. Bd3 {[%clk 1:24:19]} Bb4 {[%clk 1:33:08]} 9. O-O
{[%clk 1:15:44]} O-O {[%clk 1:33:13]} 10. Rd1 {[%clk 1:13:37]} Qe7
{[%clk 1:33:09]} 11. cxd5 {[%clk 1:10:43]} exd5 {[%clk 1:33:22]} 12. a3
{[%clk 1:10:12]} Bd6 {[%clk 1:27:08]} 13. e4 {[%clk 1:06:19]} dxe4
{[%clk 1:27:24]} 14. Bxe4 {[%clk 1:06:40]} Nxe4 {[%clk 1:26:47]} 15. Qxe4
{[%clk 1:06:55]} Qf6 {[%clk 1:19:45]} 16. Qg4 {[%clk 1:04:24]} Qe7
{[%clk 1:12:34]} 17. Qe4 {[%clk 1:03:12]} Qd8 {[%clk 1:09:18]} 18. d5
{[%clk 1:00:30]} Re8 {[%clk 1:07:28]} 19. Qc2 {[%clk 0:57:41]} c5
{[%clk 1:05:17]} 20. Be3 {[%clk 0:55:27]} Qf6 {[%clk 0:58:43]} 21. Rac1
{[%clk 0:54:01]} Qe5 {[%clk 0:55:56]} 22. g3 {[%clk 0:53:37]} Qh5
{[%clk 0:56:05]} 23. Ne4 {[%clk 0:49:13]} Bf8 {[%clk 0:50:19]} 24. Kg2
{[%clk 0:46:22]} f5 {[%clk 0:46:35]} 25. Nc3 {[%clk 0:41:32]} Bd6
{[%clk 0:44:52]} 26. Nb5 {[%clk 0:40:25]} Bxg3 {[%clk 0:38:31]} 27. Kxg3
{[%clk 0:28:15]} Ne5 {[%clk 0:38:40]} 28. Bxc5 {[%clk 0:20:31]} f4+
{[%clk 0:25:23]} 29. Kh2 {[%clk 0:20:06]} Nf3+ {[%clk 0:24:53]} 30. Kg2
{[%clk 0:20:30]} Re5 {[%clk 0:25:12]} 31. Be7 {[%clk 0:07:50]} Rxe7
{[%clk 0:25:25]} 32. d6 {[%clk 0:07:34]} Nh4+ {[%clk 0:21:40]} 33. Kh2
{[%clk 0:07:53]} Qf3 {[%clk 0:20:06]} 34. Rg1 {[%clk 0:03:56]} Re2
{[%clk 0:19:26]} 35. Qc4+ {[%clk 0:04:15]} Kf8 {[%clk 0:19:42]} 36. Rcf1
{[%clk 0:04:23]} Rxf2+ {[%clk 0:17:50]} 37. Rxf2 {[%clk 0:04:49]} Qxf2+
{[%clk 0:18:14]} 38. Kh1 {[%clk 0:05:17]} Qe3 {[%clk 0:18:13]} 39. Rg5
{[%clk 0:01:31]} Qxh3+ {[%clk 0:18:16]} 40. Kg1 {[%clk 0:01:56]} Nf3+
{[%clk 0:18:16]} 41. Kf2 {[%clk 0:02:22]} Nxg5 {[%clk 0:18:39]} 42. Qxf4+
{[%clk 0:02:48]} Nf7 {[%clk 0:18:46]} 0-1

[Event "Montcada"]
[Site "Montcada"]
[Date "2018.06.30"]
[Round "6.8"]
[White "Kevlishvili, Robby"]
[Black "Gomez Jurado, Luis Alberto"]
[Result "1-0"]
[BlackElo "2273"]
[WhiteElo "2502"]
[LiveChessVersion "1.4.8"]

1. e4 c6 2. d4 d5 3. e5 Bf5 4. h4 h5 5. Bd3 Bxd3 6. Qxd3 e6 7. Bg5 Qb6 8. Nd2 c5
9. c4 Qxb2 10. Rd1 Qxd4 11. Qb3 Qxe5+ 12. Ne2 Qc7 13. cxd5 e5 14. Nc4 Nd7 15. Nc3
a6 16. d6 Qc6 17. Nd5 Rc8 18. Na5 Qxd6 19. Qxb7 1-0

[Event "Montcada"]
[Site "Montcada"]
[Date "2018.06.30"]
[Round "6.9"]
[White "Harsha, Bharathakoti"]
[Black "Sauravh, Khherdekar"]
[Result "1-0"]
[BlackElo "2244"]
[WhiteElo "2471"]
[LiveChessVersion "1.4.8"]

1. c4 {[%clk 1:19:02]} c5 {[%clk 1:30:51]} 2. Nf3 {[%clk 1:19:28]} Nc6
{[%clk 1:31:14]} 3. d4 {[%clk 1:19:54]} cxd4 {[%clk 1:31:21]} 4. Nxd4
{[%clk 1:20:19]} Nf6 {[%clk 1:31:31]} 5. Nc3 {[%clk 1:20:44]} e6 {[%clk 1:31:39]}
6. a3 {[%clk 1:20:58]} d5 {[%clk 1:30:45]} 7. cxd5 {[%clk 1:20:38]} exd5
{[%clk 1:30:26]} 8. Bf4 {[%clk 1:15:21]} Be7 {[%clk 1:28:23]} 9. e3
{[%clk 1:08:31]} O-O {[%clk 1:26:30]} 10. Be2 {[%clk 1:08:59]} Be6
{[%clk 1:24:33]} 11. O-O {[%clk 1:08:52]} Rc8 {[%clk 1:24:40]} 12. Bf3
{[%clk 0:50:52]} Na5 {[%clk 1:21:34]} 13. Qe2 {[%clk 0:33:02]} Nc4
{[%clk 1:20:51]} 14. Rac1 {[%clk 0:31:43]} Qa5 {[%clk 1:20:03]} 15. Nb1
{[%clk 0:27:07]} Qb6 {[%clk 1:15:21]} 16. Rc2 {[%clk 0:27:33]} h6
{[%clk 1:09:23]} 17. h3 {[%clk 0:26:09]} Bd6 {[%clk 1:06:47]} 18. Bxd6
{[%clk 0:25:58]} Nxd6 {[%clk 1:07:08]} 19. Nc3 {[%clk 0:22:34]} Nde4
{[%clk 1:06:35]} 20. Rfc1 {[%clk 0:21:08]} Nxc3 {[%clk 1:06:00]} 21. Rxc3
{[%clk 0:21:35]} Rxc3 {[%clk 1:06:02]} 22. Rxc3 {[%clk 0:22:01]} Rc8
{[%clk 1:06:12]} 23. Rxc8+ {[%clk 0:21:35]} Bxc8 {[%clk 1:06:37]} 24. Qc2
{[%clk 0:22:02]} Be6 {[%clk 1:05:11]} 25. b4 {[%clk 0:20:18]} a5 {[%clk 1:02:12]}
26. Qc5 {[%clk 0:19:44]} Qxc5 {[%clk 1:01:50]} 27. bxc5 {[%clk 0:20:12]} a4
{[%clk 0:59:22]} 28. Kf1 {[%clk 0:08:27]} Nd7 {[%clk 0:56:43]} 29. c6
{[%clk 0:09:20]} bxc6 {[%clk 0:57:08]} 30. Nxc6 {[%clk 0:09:43]} Nb6
{[%clk 0:57:29]} 31. Na5 {[%clk 0:08:15]} Kf8 {[%clk 0:56:38]} 32. Ke2
{[%clk 0:08:27]} Ke7 {[%clk 0:56:55]} 33. Kd3 {[%clk 0:08:51]} Kd6
{[%clk 0:57:01]} 34. Kd4 {[%clk 0:08:48]} Nd7 {[%clk 0:46:34]} 35. Nb7+
{[%clk 0:04:18]} Kc6 {[%clk 0:46:40]} 36. Nd8+ {[%clk 0:04:45]} Kd6
{[%clk 0:46:38]} 37. Nb7+ {[%clk 0:05:12]} Kc6 {[%clk 0:47:00]} 38. Nd8+
{[%clk 0:05:39]} Kd6 {[%clk 0:47:24]} 39. Be2 {[%clk 0:05:41]} Nc5
{[%clk 0:45:52]} 40. Bb5 {[%clk 0:05:55]} f6 {[%clk 0:45:18]} 41. Nxe6
{[%clk 0:05:35]} Nxe6+ {[%clk 0:45:36]} 42. Kc3 {[%clk 0:06:03]} Kc5
{[%clk 0:43:57]} 43. Bxa4 {[%clk 0:06:29]} d4+ {[%clk 0:44:22]} 44. Kd3
{[%clk 0:05:40]} dxe3 {[%clk 0:44:26]} 45. Kxe3 {[%clk 0:06:01]} g5
{[%clk 0:44:07]} 46. Bd7 {[%clk 0:05:23]} Kd5 {[%clk 0:43:03]} 47. Ke4+ 1-0

[Event "Montcada"]
[Site "Montcada"]
[Date "2018.06.30"]
[Round "6.10"]
[White "Jimenez Ruano, Adrian"]
[Black "Cori Quispe, Kevin Joel"]
[Result "0-1"]
[BlackElo "2468"]
[WhiteElo "2225"]
[LiveChessVersion "1.4.8"]

1. d4 {[%clk 1:30:58]} Nf6 {[%clk 1:23:58]} 2. c4 {[%clk 1:31:20]} e6
{[%clk 1:24:23]} 3. Nc3 {[%clk 1:31:44]} Bb4 {[%clk 1:24:46]} 4. e3
{[%clk 1:32:06]} O-O {[%clk 1:25:07]} 5. Bd3 {[%clk 1:32:31]} d5 {[%clk 1:25:30]}
6. cxd5 {[%clk 1:32:29]} exd5 {[%clk 1:25:54]} 7. Nge2 {[%clk 1:32:53]} Re8
{[%clk 1:26:19]} 8. Bd2 {[%clk 1:33:18]} Bd6 {[%clk 1:26:37]} 9. Rc1
{[%clk 1:33:42]} a6 {[%clk 1:27:01]} 10. O-O {[%clk 1:29:53]} b6 {[%clk 1:23:24]}
11. Ng3 {[%clk 1:29:59]} Bb7 {[%clk 1:23:48]} 12. Nf5 {[%clk 1:30:02]} Bf8
{[%clk 1:24:01]} 13. Qf3 {[%clk 1:30:26]} g6 {[%clk 1:20:42]} 14. Ng3
{[%clk 1:19:18]} Bg7 {[%clk 1:20:10]} 15. e4 {[%clk 0:57:50]} Nc6
{[%clk 1:15:04]} 16. Be3 {[%clk 0:12:54]} dxe4 {[%clk 1:11:42]} 17. Ncxe4
{[%clk 0:10:07]} Nxe4 {[%clk 1:11:47]} 18. Nxe4 {[%clk 0:07:38]} Nxd4
{[%clk 1:08:37]} 19. Nf6+ {[%clk 0:07:28]} Bxf6 {[%clk 1:08:43]} 20. Qxb7
{[%clk 0:07:52]} c5 {[%clk 1:08:51]} 21. g3 {[%clk 0:06:23]} Rb8 {[%clk 1:00:02]}
22. Qg2 {[%clk 0:05:09]} Bg5 {[%clk 1:00:20]} 23. Bxg5 {[%clk 0:02:41]} Qxg5
{[%clk 1:00:44]} 24. Bxa6 {[%clk 0:01:13]} b5 {[%clk 1:01:04]} 25. Rcd1
{[%clk 0:00:38]} Re7 {[%clk 0:57:01]} 26. a4 {[%clk 0:00:32]} bxa4
{[%clk 0:57:24]} 27. Qd5 0-1